Регионална библиотека "Любен Каравелов" - Русе

Sechs Sonaten (Запис номер 350712)

MARC детайли
000 -Лидер
Контролно поле с фиксирана дължина 01288ncm a2200385 a 4500
003 - Код на организацията, давaща контролен номер
Контролно поле BLK
005 - Дата и час на последна редакция
Контролно поле 20250216004131.0
008 - Елементи от данни с фиксирана дължина
fixed length control field 180414b bul |a|er|||| |0| c|bulo|
010 ## - Наследен системен номер
LC control number NOT00003519000
040 ## - Източник на каталожния запис
Идентификатор на билиотеката - собственик на записа BLK
041 ## - Код за език
Код за езика на текст/звукозапис или на отделно заглавие Немски
Код за езика КДБФ Немски
080 ## - УДК
Текстов определител УДК За виолончело
УДК код - определител по УДК 787.3
УДК - код + определител 787.3
080 ## - УДК
Текстов определител УДК Дуо виолончело и пиано
УДК код - определител по УДК 785.72:787.3:786.2
УДК - код + определител 785.72:787.3:786.2
100 1# - Редна дума - Автор
Автор Vivaldi, Antonio
Авторска отговорност първи автор
R(LIN) 27390
139 ## - Редно поле
Редна дума Vivaldi, Antonio
Авторски знак Viv - V 79
245 10 - Сведения за заглавието
Заглавие Sechs Sonaten
Подзаглавни данни Fur Violoncello und Basso continuo
Редно поле (дума) * Антонио Вивалди; Antonio Vivaldi; hrsg. von Diethard Hellmann.
257 ## - Страна на издаване
Страна на създаване/издаване Италия
260 ## - Област на издателските данни
Име на издателя, разпространителя и проч. Peters 4938
Година на издаване 1981
300 ## - Физическа характеристика
Страници 44 p.
Размери/Мащаб 29 см
Съпровождащи материали 12 + 19 p.
380 ## - Жанр
Жанр Изкуство
650 #0 - Допълнително описание по предмет – тема
Основно описание – тема или топоним Виолончело - сонати, сонатини, пиеси
9 (RLIN) 353306
653 ## - Ключова дума – ненормативна
Ключова дума виолончело
653 ## - Ключова дума – ненормативна
Ключова дума сонати
653 ## - Ключова дума – ненормативна
Ключова дума чембало
653 ## - Ключова дума – ненормативна
Ключова дума клавесин
700 1# - Други автори (авторска отговорност)
Лично име Вивалди, Антонио
Автороска отговорност (Описва отношението между автора и произведението) *
9 (RLIN) 47870
700 1# - Други автори (авторска отговорност)
Лично име Hellmann, Diethard
Автороска отговорност (Описва отношението между автора и произведението) hrsg. von
9 (RLIN) 363096
852 ## - Местоположение
Форматна сигнатура Цб М ІІ 9472
856 4# - Електронен адрес и достъп
Електронен формат pdf - файл
Път до файла /url/
856 4# - Електронен адрес и достъп
Електронен формат pdf - файл
Път до файла /url/
999 ## - СИСТЕМНИ КОНТРОЛНИ НОМЕРА
Koha biblionumber 350712
Koha biblioitemnumber 350712
942 ## - АРТИКУЛИ
Вид на библиотечния материал Нотни издания
Скрит в OPAC Не
Периодичен библиозапис Да
944 ## - СЪЗДАВАНЕ И РЕДАКЦИЯ на ЗАПИСА
Създаване/Редакция Създаване
Дата на регистрацията/редакция 2020-04-02
Служител, извършил регистрацията/редакцията
Статус, дата на статуса CRON CRON
999 ## - СИСТЕМНИ КОНТРОЛНИ НОМЕРА
Koha biblioitemnumber 350712
999 ## - СИСТЕМНИ КОНТРОЛНИ НОМЕРА
Koha biblioitemnumber 319739

Няма налични копия.

Vip Innovations Ltd, Rousse, Bulgaria 2025